A history of the world from the 20th to the 21st century
Saved in:
| Main Author: | |
|---|---|
| Format: | Book |
| Language: | Undetermined |
| Published: |
London / New York
Routledge / Taylor & Francis Group
2005
|
| Subjects: | |
| Tags: |
Add Tag
No Tags, Be the first to tag this record!
|
| Institutions: | Trung tâm Học liệu Trường Đại học Cần Thơ |
|---|
| LEADER | 00630nam a2200205Ia 4500 | ||
|---|---|---|---|
| 001 | CTU_117337 | ||
| 008 | 210402s9999 xx 000 0 und d | ||
| 020 | |c 48.44 | ||
| 082 | |a 909.82 | ||
| 082 | |b G828 | ||
| 100 | |a Grenville, John Asley Soames | ||
| 245 | 2 | |a A history of the world from the 20th to the 21st century | |
| 245 | 0 | |c John Asley Soames Grenville | |
| 260 | |a London / New York | ||
| 260 | |b Routledge / Taylor & Francis Group | ||
| 260 | |c 2005 | ||
| 650 | |a History, modern,History, modern | ||
| 650 | |y 20th century,21st century | ||
| 904 | |i Minh | ||
| 980 | |a Trung tâm Học liệu Trường Đại học Cần Thơ | ||